000 01129nam a2200301 a 4500
005 20260322212011.0
008 data
010 _a 96068884
020 _a1878542834 (pbk.)
020 _a9781878542830 (pbk.)
040 _aNBelS
_cNBelS
_dDLC
042 _alccopycat
050 0 0 _aHF5549.5.M63
_bF54 1996
092 _a658.314 F54 1996
100 1 _aFielder, Barbara L.
245 1 0 _aMotivation in the workplace :
_bhow to motivate workers to peak performance and productivity /
_cBarbara L. Fielder.
246 3 0 _aHow to motivate workers to peak performance and productivity
246 1 _iSubtitle on cover:
_aPractical techniques for motivating workers to peak performance and productivity
260 _aMission, Kan. :
_bSkillPath Publications,
_cc1996.
300 _aviii, 70 p. :
_bill. ;
_c21 cm.
650 0 _aEmployee motivation.
650 0 _aPsychology, Industrial.
906 _a7
_bcbc
_ccopycat
_d3
_eopcn
_f19
_gy-gencatlg
922 _aad
991 _bc-GenColl
_hHF5549.5.M63
_iF54 1996
_tCopy 1
_wBOOKS
001 data
999 _c216
_d216